Từ điển thực vật học
Thuật ngữ thực vật học do nhà xb. KHKT biên soạn , chủ yếu thuộc các bộ môn: Giải phẫu, hình thái, phân loại...
Salvato in:
| Autore principale: | |
|---|---|
| Altri autori: | , , |
| Natura: | Libro |
| Lingua: | Vietnamese |
| Pubblicazione: |
H.
Khoa học và kỹ thuật
1982
|
| Soggetti: | |
| Tags: |
Aggiungi Tag
Nessun Tag, puoi essere il primo ad aggiungerne! !
|
| Thư viện lưu trữ: | Mạng thư viện Đại học Đà Nẵng |
|---|
| LEADER | 01342nam a22003738a 4500 | ||
|---|---|---|---|
| 001 | 000007177 | ||
| 003 | 3338 | ||
| 005 | 20110928150934.0 | ||
| 008 | 110927s1982 b 000 0 vieod | ||
| 020 | |c 10đ |d 5100b | ||
| 041 | 0 | |a vie | |
| 082 | |a 580.3 |b Tưđ | ||
| 084 | |a E5z21 |b T550Đ | ||
| 100 | 1 | |a Võ Văn Chi | |
| 245 | 1 | 0 | |a Từ điển thực vật học |c Võ Văn Chi, Nguyễn Bá, Nguyễn Ngọc Bích... |
| 260 | |a H. |b Khoa học và kỹ thuật |c 1982 | ||
| 300 | |a 195tr |c 27cm | ||
| 520 | |a Thuật ngữ thực vật học do nhà xb. KHKT biên soạn , chủ yếu thuộc các bộ môn: Giải phẫu, hình thái, phân loại... | ||
| 653 | |a Từ điển | ||
| 653 | |a Việt-Việt | ||
| 653 | |a thực vật học | ||
| 700 | 1 | |a Nguyễn Bá |e Tác giả | |
| 700 | 1 | |a Vũ Văn Chuyên |e Tác giả | |
| 700 | 1 | |a Nguyễn Ngọc Bích |e Tác giả | |
| OWN | |a LSP | ||
| AVA | |a UDN50 |b LSP |d 580.3 Tưđ |e unavailable |t Error 5002 Not defined in file expand_doc_bib_avail. |f 1 |g 1 |h N |i 0 |k 1 | ||
| 999 | |a From the UDN01 | ||
| AVA | |a UDN50 |b LSP |d 580.3 Tưđ |e unavailable |t Error 5002 Not defined in file expand_doc_bib_avail. |f 1 |g 1 |h N |i 0 |k 1 | ||
| TYP | |a Monograph | ||
| TYP | |a Printed language | ||
| 980 | |a Mạng thư viện Đại học Đà Nẵng | ||